United States petrochemicals report Q1 2014 : includes 5 - year forecasts to 2017.
| Format: | Book |
|---|---|
| Published: |
London:
Business Monitor International,
2013.
|
| Series: | Part of BMI's industry report & forecasts series
|
| Subjects: |
| LEADER | 00541cam a2200145 7i4500 | ||
|---|---|---|---|
| 001 | 0000031871 | ||
| 005 | 20141124090000.0 | ||
| 022 | 0 | 0 | |a 17492548 |
| 090 | 0 | 0 | |a USA 661.804 |b UNI |
| 245 | 0 | 0 | |a United States petrochemicals report Q1 2014 : |b includes 5 - year forecasts to 2017. |
| 260 | 0 | 0 | |a London: |b Business Monitor International, |c 2013. |
| 300 | # | # | |a 133 p. |
| 440 | 0 | 0 | |a Part of BMI's industry report & forecasts series |
| 650 | 0 | 0 | |a Petroleum chemicals industry -- |z United States of America |
| 999 | |a B000034800 |b Book |c Countries |e Business Information Centre | ||